| 000 | 00532cam a22001457a 4500 | ||
|---|---|---|---|
| 008 | 180718b2005 xxu||||| |||| 00| 0 eng d | ||
| 082 | _aAPPPA/2004-05/SRI/47 | ||
| 100 | _aSrivastava, Anoop | ||
| 245 |
_aCrime prevention in Indian railways: passengers' perceptions and expectations _cby Anoop Srivastava |
||
| 260 |
_aNew Delhi _bIndian Institute of Public Administration _c2005 |
||
| 300 | _a99p. | ||
| 500 | _aAn APPPA M.Phil dissertation, 2004-05 (Guide: Rajesh Singh) | ||
| 650 | _aIndian railways | ||
| 650 | _aCrime prevention | ||
| 999 |
_c493140 _d493140 |
||